Регионална библиотека "Любен Каравелов" - Русе

Фауст (Запис номер 152413)

MARC детайли
000 -Лидер
Контролно поле с фиксирана дължина 01558nam a2200373 c 4500
003 - Код на организацията, давaща контролен номер
Контролно поле BLK
005 - Дата и час на последна редакция
Контролно поле 20250716125702.0
008 - Елементи от данни с фиксирана дължина
fixed length control field 180410b bul|||||r ||||||| ||bul||
010 ## - Наследен системен номер
LC control number KNG00158893000
020 ## - Международен стандартен номер на книга ISBN
Международен стандартен номер на книга ISBN 978-954-09-0708-6
040 ## - Източник на каталожния запис
Идентификатор на билиотеката - собственик на записа BLK
041 ## - Код за език
Код за езика на текст/звукозапис или на отделно заглавие Български
Код за езика КДБФ Български
072 #7 - Код за тематичната категория
Код организация bullib
Код за тематична категория Н83
Текст Чужда художествена литература Н
080 ## - УДК
Текстов определител УДК Немска литература
УДК код - определител по УДК 821.112.2
УДК определител -12
УДК - код + определител 821.112.2-12
100 1# - Редна дума - Автор
Автор Гьоте, Йохан Волфганг фон
Авторска отговорност първи автор
R(LIN) 363966
139 ## - Редно поле
Редна дума Гьоте, Йохан Волфганг фон
Авторски знак Гън - Г 97
245 10 - Сведения за заглавието
Заглавие Фауст
Подзаглавни данни Трагедия в две части
Редно поле (дума) Йохан Волфганг фон Гьоте; прев. Валери Петров; * Валери Нисим Меворах.
250 ## - Област на изданието
Сведения за изданието 2. изд.
257 ## - Страна на издаване
Страна на създаване/издаване България
260 ## - Област на издателските данни
Име на издателя, разпространителя и проч. Захарий Стоянов
Година на издаване 2012
300 ## - Физическа характеристика
Страници 582 с.
Илюстрации и др. с ил., портр.
Размери/Мащаб 24 см
380 ## - Жанр
Жанр Худож. лит.
500 ## - Общи забележки
Забележка Ориг. загл.: Faust / Johann Wolfgang von Goethe. - Валери Петров - псевд. на Валери Нисим Меворах. - 1. изд. 2001.
659 ## - Тематичен бюлетин
Тематичен бюлетин Н
700 ## - Други автори (авторска отговорност)
Лично име Петров, Валери
Дати, свързани с автора 1920 - 2014
Пълна форма на името Меворах, Валери Нисим
9 (RLIN) 363347
700 1# - Други автори (авторска отговорност)
Лично име Меворах, Валери Нисим
Автороска отговорност (Описва отношението между автора и произведението) *
9 (RLIN) 367575
852 ## - Местоположение
Форматна сигнатура Цб 267305
856 4# - Електронен адрес и достъп
Електронен формат pdf - файл
856 4# - Електронен адрес и достъп
Електронен формат pdf - файл
999 ## - СИСТЕМНИ КОНТРОЛНИ НОМЕРА
Koha biblionumber 152413
Koha biblioitemnumber 152413
942 ## - АРТИКУЛИ
Вид на библиотечния материал Книги
Скрит в OPAC Не
Koha issues (borrowed), all copies 7
944 ## - СЪЗДАВАНЕ И РЕДАКЦИЯ на ЗАПИСА
Създаване/Редакция Създаване
Дата на регистрацията/редакция 01.04.2014
Служител, извършил регистрацията/редакцията 30552
Статус, дата на статуса Виолета Тройчева
944 ## - СЪЗДАВАНЕ И РЕДАКЦИЯ на ЗАПИСА
Създаване/Редакция Редакция
Дата на регистрацията/редакция 12.12.2014
Служител, извършил регистрацията/редакцията Грета_Цуфелде
999 ## - СИСТЕМНИ КОНТРОЛНИ НОМЕРА
Koha biblioitemnumber 152413
Наличности
Код за отписване Код за изгубен артикул Код за повреда Коз за рестрикции Код за отдаване Артикулен № Име на библиотеката - собственик Име на библиотеката, в която се намира в момента Статус (Текущо местоположение) Дата на вписване в системата Местоположение - отдел Цена в лева Инвентарен номер Систематично азбучна сигнатура Баркод Номер на екземпляра Цена в евро Служебна бележка Служебен тип на артикула Източник на класификационната схема
  Не е изгубен Не е повреден без рестрикции ползва се в читалня 254632 Регионална библиотека "Любен Каравелов" Русе Регионална библиотека "Любен Каравелов" Русе Хранилище 2014-04-04 Хранилище 50.00 120000776321 Цб 267305 120000776321 1 25.56 Дост: Dp Вид: Д N: 18 Дата: 27.04.2013 Книги  
  Не е изгубен Не е повреден без рестрикции заемане за дома 685783 Регионална библиотека "Любен Каравелов" Русе Регионална библиотека "Любен Каравелов" Русе Заемна - подръчен фонд 2018-12-11 Заемна - подръчен фонд 50.00 120000826946 821-31/Г 97 120000826946   25.56   Книги Universal Decimal Classification
  Не е изгубен Не е повреден без рестрикции заемане за дома 685784 Регионална библиотека "Любен Каравелов" Русе Регионална библиотека "Любен Каравелов" Русе Заемна - подръчен фонд 2018-12-11 Заемна - подръчен фонд 50.00 120000826945 П 830-31/Г 97 120000826945   25.56   Книги Universal Decimal Classification
Vip Innovations Ltd, Rousse, Bulgaria 2025